000 00539nam a22001817a 4500
005 20231113132244.0
008 231113b |||||||| |||| 00| 0 eng d
020 _a0702110027
041 _aAfrikaans
082 _a345.5 FER
100 _aFerreira, JC
_lAfrikaans
245 _aStrafprosesreg in die Laer Howe /
_cJC Ferreira
250 _aTweede Uitgawe
260 _aKaapstad :
_bJuta en Kie. Bpk,
_c1979
300 _bcvi, 806 pages ;
_c26 cm.
650 _aLegal practice
_bLaw
942 _cBK
_6ALISON_BN_VRIES
999 _c574
_d574